书目信息 |
| 题名: |
中国传统民居
|
|
| 作者: | 荆其敏 主编 ;刘壮冲 译 | |
| 分册: | ||
| 出版信息: | 天津 天津大学出版社 1999.06 |
|
| 页数: | 181页 | |
| 开本: | 16开 | |
| 丛书名: | ||
| 单 册: | ||
| 中图分类: | TU-862 | |
| 科图分类: | ||
| 主题词: | 建筑风格 , 建筑艺术--流派 , 建筑艺术--作品--评价 | |
| 电子资源: | ||
| ISBN: | 7-5618-1199-3 | |
| 000 | 00737nam0 2200229 45 | |
| 001 | 0011180372 | |
| 005 | 20001118033924.0 | |
| 010 | @a7-5618-1199-3@d45.00CNY | |
| 100 | @a20001118d1999 km y0chiy0120 ea | |
| 101 | 0 | @achi |
| 200 | 1 | @a中国传统民居@AZhong Guo Chuan Tong Min Ju@d=Traditional Chinese Dwellings@f荆其敏主编@FJing Qi Min Zhu Bian@g刘壮冲译@GLiu Zhuang Chong Yi |
| 210 | @a天津@c天津大学出版社@d1999.06 | |
| 215 | @a181页@d16开 | |
| 510 | @a=Traditional Chinese Dwellings | |
| 606 | 0 | @a建筑风格 |
| 606 | 0 | @a建筑艺术@x流派 |
| 606 | 0 | @a建筑艺术@x作品@x评价 |
| 690 | @aTU-862@v3 | |
| 701 | 0 | @a荆其敏@4主编 |
| 702 | 0 | @a刘壮冲@ALiu Zhuang Chong@4译 |
| 801 | @aCN@bPftUser@c20001118 | |
| 905 | @a安徽大学@dTU-862@eJ536 | |
| 中国传统民居=Traditional Chinese Dwellings/荆其敏主编/刘壮冲译.-天津:天津大学出版社,1999.06 |
| 181页;16开 |
| ←并列题名:=Traditional Chinese Dwellings |
| ISBN 7-5618-1199-3:45.00CNY |
| ● |
| 相关链接 |
|
|
|
正题名:中国传统民居
索取号:TU-862/J536
 
预约/预借
| 序号 | 登录号 | 条形码 | 馆藏地/架位号 | 状态 | 备注 |
| 1 | 357366 | 203573668 | 自科二线404/404自科库 2排2列5层/ [索取号:TU-862/J536] | 在馆 | |
| 2 | 357367 | 203573677 | 自科二线404/404自科库 2排4列1层/ [索取号:TU-862/J536] | 在馆 | |
| 3 | 357368 | 203573686 | 自科二线404/404自科库 2排2列5层/ [索取号:TU-862/J536] | 在馆 | |
| 4 | 413586 | 204135863 | 建筑库101/101建筑库 20排2列5层/ [索取号:TU-862/J536] | 在馆 | |
| 5 | 413587 | 204135872 | 建筑库101/101建筑库 14排3列4层/ [索取号:TU-862/J536] | 在馆 | |
| 6 | 413588 | 204135881 | 自科二线404/404自科库 2排2列5层/ [索取号:TU-862/J536] | 在馆 | |
| 7 | 413589 | 204135890 | 建筑库101/101建筑库 20排2列5层/ [索取号:TU-862/J536] | 在馆 | |
| 8 | 65993 | 200659938 | 建筑库101/101建筑库 20排2列5层/ [索取号:TU-862/J536] | 在馆 | |
| 9 | 65994 | 200659947 | 自科二线404/404自科库 2排2列5层/ [索取号:TU-862/J536] | 在馆 | |
| 10 | 65995 | 200659956 | 自科二线404/404自科库 2排2列5层/ [索取号:TU-862/J536] | 在馆 | |
| 11 | 65996 | 200659965 | 自科二线404/404自科库 2排2列5层/ [索取号:TU-862/J536] | 在馆 | |
| 12 | 65997 | 200659974 | 自科二线404/404自科库 2排2列5层/ [索取号:TU-862/J536] | 在馆 | |
| 13 | 65998 | 200659983 | 建筑库101/101建筑库 20排2列5层/ [索取号:TU-862/J536] | 在馆 | |
| 14 | 65999 | 200659992 | 自科二线404/404自科库 2排2列5层/ [索取号:TU-862/J536] | 在馆 | |
| 15 | 66000 | 200660007 | 自科二线404/404自科库 2排4列1层/ [索取号:TU-862/J536] | 在馆 | |
| 16 | 66001 | 200660016 | 建筑库101/101建筑库 20排2列5层/ [索取号:TU-862/J536] | 在馆 | |
| 17 | 66002 | 200660025 | 自科二线404/404自科库 2排4列1层/ [索取号:TU-862/J536] | 在馆 | |
| 18 | 66003 | 200660034 | 建筑库101/101建筑库 12排3列4层/ [索取号:TU-862/J536] | 在馆 | |
| 19 | 66004 | 200660043 | 建筑库101/404自科库 5排5列1层/ [索取号:TU-862/J536] | 在馆 |